|
|
|
|
| LEADER |
00674nab a2200181 i 4500 |
| 001 |
acta15840 |
| 005 |
20210326133045.0 |
| 008 |
161015s2000 hu o 0|| eng d |
| 022 |
|
|
|a 0001-6969
|
| 040 |
|
|
|a SZTE Egyetemi Kiadványok Repozitórium
|b hun
|
| 041 |
|
|
|a eng
|
| 100 |
1 |
|
|a Isidro José María
|
| 245 |
1 |
4 |
|a The manifold of minimal partial isometries in the space α(H, K) of bounded linear operators
|h [elektronikus dokumentum] /
|c Isidro José María
|
| 260 |
|
|
|c 2000
|
| 300 |
|
|
|a 793-808
|
| 490 |
0 |
|
|a Acta scientiarum mathematicarum
|v 66 No. 3-4
|
| 695 |
|
|
|a Matematika
|
| 856 |
4 |
0 |
|u http://acta.bibl.u-szeged.hu/15840/1/math_066_numb_003_004_793-808.pdf
|z Dokumentum-elérés
|